000
00240nam a22000857a 4500
008
160803b xxu||||| |||| 00| 0 eng d
100
_9
3
_a
Blyton E
245
_a
Five go to mystery moor
_b
The Famous Five
260
_a
London
_b
Hodder Publication
_c
2004
999
_c
2653
_d
2653